Movies Quiz

Random Movies or Letter Quiz

One Word 'E' Movies Quiz Stats

 Plays Quiz Updated Jul 28, 2018

Challenge
Share
Tweet
Score 0/24 Timer 07:00
2 Plays Today
% Correct
Elf
99.3%
Elizabeth
78.7%
Evita
72.6%
Enchanted
67.1%
Election
54.3%
Emma
52.7%
Elektra
52.6%
Everest
45.9%
Entrapment
44.6%
Elysium
40.7%
Entourage
37.5%
Eraser
35.7%
% Correct
Eraserhead
34.7%
Eragon
30.5%
Evolution
29.9%
EDtv
29.7%
Elizabethtown
29.4%
EuroTrip
28.9%
Equilibrium
21.6%
Excalibur
20.2%
Epic
18.8%
Earthquake
14.8%
Envy
12.7%
Elephant
11.6%

You're not logged in!

Compare scores with friends on all Sporcle quizzes.
OR
Log In

You Might Also Like...

Show Comments

Extras

Top Quizzes Today


Score Distribution

Your Account Isn't Verified!

In order to create a playlist on Sporcle, you need to verify the email address you used during registration. Go to your Sporcle Settings to finish the process.

Report this User

Report this user for behavior that violates our Community Guidelines.

Details: